Diálogos polémicos /

Gespeichert in:
Bibliographische Detailangaben
1. Verfasser: Platón (autor)
Weitere Verfasser: Zozaya, Antonio (prólogo) (prólogo)
Format: Buch
Sprache:Spanisch
Veröffentlicht: Madrid, España : Sociedad General Española de Librería, 1893
Schriftenreihe:(Biblioteca Económica Filósofica ; 18, 19)
Schlagworte:
Tags: Tag hinzufügen
Keine Tags, Fügen Sie das erste Tag hinzu!

MARC

LEADER 00000nam^a2200000^a^4500
001 000584799
005 20250526000000.0
009 20260310132716.896
037 |a Acervo Xavier Clavigero 
041 |a ESP 
091 |a FPA. 05525 
100 |a Platón  |e (autor) 
240 1 4 |a [El sofista] 
240 1 1 |a [Eutidemo] 
240 1 1 |a [Teeteto] 
240 1 1 |a [Menón] 
240 1 1 |a [Diálogos de Platón] 
245 1 0 |a Diálogos polémicos /  |c Platón ; prólogo y tr. por A. Zozaya. 
264 1 |a Madrid, España :  |b Sociedad General Española de Librería,  |c 1893 
300 |a 2 v. (XI, 174, 194 p.) ;  |c 15.0 cm. 
336 |a texto  |b txt  |2 rdacontenido 
337 |a sin mediación  |b n  |2 rdamedio 
338 |a volumen  |b nc  |2 rdasoporte 
440 1 |a (Biblioteca Económica Filósofica ;  |v 18, 19) 
501 |a Encuadernación particular 
545 0 |a Platón (427-347 a.C.), filósofo griego nacido en Atenas. En el año 387 a.C. fundó en su ciudad natal la Academia, considerada la primera escuela docente de filosofía. Su pensamiento se recoge en los aproximadamente 30 diálogos y cartas que escribió, los cuales se clasifican en cuatro etapas: de la juventud o influjo socrático, de la transición, de la madurez y de la vejez. Su pensamiento plantea la aspiración del hombre por el conocimiento, el bien, la armonía con la ciudad y su relación con lo divino; en consecuencia sus diálogos abordan principalmente temáticas de epistemología, ética, estética, cosmología, educación y política. 
649 |a XX 
650 |a Filósofos Griegos 
650 |a Diálogos Griegos 
650 |a Literatura Griega 
650 |a Literatura Clásica 
650 |a Platonismo -  |x Tema Principal 
650 |a Socráticos 
650 |a Filosofía Griega 
650 |a Filosofía Clásica 
650 |a Sócrates 
700 |a Zozaya, Antonio  |e (prólogo) 
740 3 |a El sofista o del ser /  |c Platón. 
740 0 |a Eutidemo o el disputador /  |c Platón. 
740 0 |a Teetetes o de la ciencia /  |c Platón. 
740 0 |a Menón o de la virtud /  |c Platón. 
910 |a Fondo José Ignacio Palencia Gómez S.J. 
920 |a Impresos - Libros 
930 |a Libros Antiguos y Raros 
905 |a 108 
901 |a 0500358456  |b IT2  |c LRA  |i D  |u 20250526 
902 |a https://opac.biblio.iteso.mx/vufind/Record/000584799